| 000 | 00596nam a22001937a 4500 | ||
|---|---|---|---|
| 005 | 20220721115322.0 | ||
| 008 | 220721b ||||| |||| 00| 0 eng d | ||
| 040 | _cAL | ||
| 041 | _aEnglish | ||
| 082 |
_223 _a891.439109 _bSRIA |
||
| 100 |
_aHarindra Srivastava _952231 |
||
| 245 | _aAndaaz e Bayan Aur Urf Guldasta: A Re Evaluation of some Urdu Poets and their Muse | ||
| 260 |
_aGurgaon _bHarindra Srivastava _c2002 |
||
| 300 |
_a152 p. _bPB _c21x14 cm. |
||
| 365 |
_c₹ _d₹250.00 |
||
| 650 |
_aArticles in Urdu Poets _952232 |
||
| 700 |
_aSRIVASTAVA (Harindra) _952233 |
||
| 942 |
_2ddc _cGF |
||
| 999 |
_c224066 _d224066 |
||